000 00489nam a2200169 4500
001 132808
003 ES-MaACL
005 20230906194244.0
007 t|
008 070214s1976 sp r ||||1| spa d
100 1 _aRosal, Amaro del.
_999632
245 1 3 _aEl oro del Banco de España, y la historia del Vita /
_cAmaro del Rosal.
250 _a1ª ed.
260 _aBarcelona [etc.] :
_bGrijalbo,
_c1976.
300 _a254 p., 4 lám. ;
_c20 cm.
852 _aES-MaACL
_jA-8092
_bR.97150
999 _c132808
_d132808